000 00706nam a2200289Ia 4500
005 20260324120317.0
008 008 260324s9999 xx 000 0 eng d
020 _a9781315857527
037 _aEBOOK
040 _aCRL
040 _beng
040 _cCRL
041 _2eng
041 _aeng
084 _qCRL
100 _aFrederick Luis Aldama
_91158062
245 0 _aLatino/a Literature in the Classroom
245 0 _bTwenty-first-century approaches to teaching
260 _bTaylor and Francis
260 _c2015
365 _a
365 _b230
856 _uhttp://www.taylorfrancis.com/books/9781315857527
942 _cEBOOK
999 _c1749522
_d1749522